Urban design reader (Registro nro. 92502)
[ vista simple ]
| 000 -ENCABEZADO | |
|---|---|
| Número de control [NR] | 00948nam a22002537a 4500 |
| 008 - DE LONGITUD FIJA DE DATOS DE ELEMENTOS - INFORMACIÓN GENERAL | |
| Elementos de longitud fija [NR] | 130821s2007 ne ab gr eng |
| 020 ## - NUMERO INTERNACIONAL NORMALIZADO PARA LIBROS [R] | |
| Número Internacional Normalizado del libro [NR] | 0750665319 |
| 020 ## - NUMERO INTERNACIONAL NORMALIZADO PARA LIBROS [R] | |
| Número Internacional Normalizado del libro [NR] | 9780750665315 |
| 040 ## - FUENTE DE CATALOGACION [NR] | |
| Agencia de catalogación original [NR] | Co-BoUCM |
| Idioma de catalogación [NR] | spa |
| 041 00 - CODIGO DE IDIOMA [R] | |
| Código de idioma para texto/pista de sonido o título separado [R] | Inglés |
| 245 00 - MENCION DE TITULO [NR] | |
| Título [NR] | Urban design reader |
| Mención de responsabilidad, etc. [NR] | editores Matthew Carmona y Steve Tiesdell. |
| 260 ## - PUBLICACION, DISTRIBUCION, ETC. (PIE DE IMPRENTA) [R] | |
| Lugar de publicación, distribución, etc. [R] | Ámsterdam (Holanda) |
| Nombre del editor, distribuidor, etc. [R] | Architectural Press |
| Fecha de publicación, distribución, etc. [R] | 2007 |
| 300 ## - DESCRIPCION FISICA [R] | |
| Extensión [R] | vii, 375 páginas |
| Otros detalles físicos [NR] | ilustraciones, mapas |
| 504 ## - NOTA DE BIBLIOGRAFIA, ETC. [R] | |
| Nota de bibliografía, etc. [NR] | |
| 650 04 - ASIENTO SECUNDARIO DE MATERIA - TERMINO TEMATICO [R] | |
| Término temático o nombre geográfico como elemento de entrada [NR] | Ciudades y pueblos |
| 9 (RLIN) | 10961 |
| 650 04 - ASIENTO SECUNDARIO DE MATERIA - TERMINO TEMATICO [R] | |
| Término temático o nombre geográfico como elemento de entrada [NR] | Planificación urbana |
| 9 (RLIN) | 21677 |
| 650 04 - ASIENTO SECUNDARIO DE MATERIA - TERMINO TEMATICO [R] | |
| Término temático o nombre geográfico como elemento de entrada [NR] | Urbanismo |
| 9 (RLIN) | 25989 |
| 700 1# - ASIENTO SECUNDARIO - NOMBRE PERSONAL [R] | |
| Nombre personal [NR] | Carmona, Matthew. |
| 9 (RLIN) | 88536 |
| 700 1# - ASIENTO SECUNDARIO - NOMBRE PERSONAL [R] | |
| Nombre personal [NR] | Tiesdell, Steven. |
| 9 (RLIN) | 88537 |
| 856 41 - LOCALIZACION Y ACCESO ELECTRONICOS [R] | |
| Especificación de los materiales [NR] | Contenido |
| Identificador Uniforme del Recurso (“URI”) [R] | <a href="http://www.loc.gov/catdir/toc/fy0711/2007297107.html">http://www.loc.gov/catdir/toc/fy0711/2007297107.html</a> |
| 856 42 - LOCALIZACION Y ACCESO ELECTRONICOS [R] | |
| Especificación de los materiales [NR] | Publicador |
| Identificador Uniforme del Recurso (“URI”) [R] | <a href="http://www.loc.gov/catdir/enhancements/fy0726/2007297107-d.html">http://www.loc.gov/catdir/enhancements/fy0726/2007297107-d.html</a> |
| 942 ## - ELEMENTOS DE ENTRADA AGREGADOS (KOHA) | |
| Tipo de ítem principal el descrito en 300a | Libro |
| Tema principal | Arte |
| Edición | 1 |
| Parte restante de la signatura top. | U722 |
| Sistema de clasificación | DEWEY |
| Clasificación | 711.4 |
| Fecha de último préstamo | Total préstamos | Signatura topográfica | Código de barras | Última vez visto | Ejemplar | Price effective from | Tipo de ítem | Perdido | Sistema de clasificación | Dañado | No prestable | Tipo de ítem específico | Suprimido | Ubicación habitual | Ubicación actual | Localización | Fecha de creación | Forma de adquisición | Costo |
|---|---|---|---|---|---|---|---|---|---|---|---|---|---|---|---|---|---|---|---|
| 03/04/2009 | 2 | 711.4 U722 | 100092112 | 06/12/2025 | Ej.1 | 03/02/2013 | Libro | DEWEY | Libro | Claustro | Claustro | 2do piso | 28/02/2013 | Compra | 101171.00 |